Statistics for Countries with Weapons on the Flag Quiz

Click here to take the quiz!

General Stats

  • This quiz has been taken 17 times
  • The average score is 8 of 9

Answer Stats

Answer% Correct
Saudi Arabia
100%
Belize
100%
Haiti
100%
Angola
100%
Sri Lanka
100%
Ecuador
100%
Barbados
86%
Mozambique
86%
Oman
57%

Score Distribution

Percentile by Number Answered

Percent of People with Each Score

Your Score History

You have not taken this quiz